10 Najwartościowszych Brazylijczyków - Statystyki

Ogólne statystyki
  • Ten quiz został rozwiązany 127 razy
  • Średni wynik to 5 z 10
Statystyki odpowiedzi
Wartość Piłkarz % Poprawnych
128 mln Neymar
99%
72 mln Alisson
82%
56 mln Ederson
71%
72 mln Firmino
55%
64 mln Casemiro
50%
56 mln Jesus
48%
56 mln Coutinho
44%
56 mln Fabinho
32%
56 mln Arthur
25%
52 mln Richarlison
25%
Nie znaleziono quizów pasujących do podanych kryteriów
Rozkład punktacji
Procent ludzi z każdym wynikiem
Percentyl według liczby udzielonych odpowiedzi
Twoja historia wyników
Nie rozwiązałeś tego quizu